000 02730nam0a2200349 4500
001 RU\NLR\bibl\988175
005 20260407100940.0
010 _a5-93586-166-6
_92000
035 _a(NLR Aleph) 000976024
090 _a429186
_c429186
100 _a20060927d2004 |||y0rusy50 ca
101 0 _arus
102 _aRU
105 _ay |||||||||
200 1 _aПромышленная безопасность при эксплуатации паровых и водогрейных котлов, сосудов, работающих под давлением, трубопроводов пара и горячей воды
_eсборник документов
_fФедер. горн. и пром. надзор России (Госгортехнадзор России), [НТЦ "Пром. безопасность"]
205 _a2-е изд., испр. и доп.
_b[офиц. изд.]
210 _aМосква
_cФедеральное государственное унитарное предприятие "Научно-технический центр по безопасности в промомышленности Госгортехнадзора России"
_d2004
215 _a95 с.
_d20
225 1 _aСерия 10 Нормативные документы по безопасности, надзорной и разрешительной деятельности в области котлонадзора и надзора за подъемными сооружениями
_vвып. 5
606 1 _aПаропроводы
_jНормативные документы
_xЭксплуатация
_xТехника безопасности
_92446158
_3RU\NLR\auth\661454829
606 1 _aСосуды, работающие под давлением
_jНормативные документы
_xТехнический надзор
_91659503
_3RU\NLR\auth\661033829
606 1 _aТрубопроводы горячей воды
_jНормативные документы
_xЭксплуатация
_xТехника безопасности
_92446160
_3RU\NLR\auth\661454830
606 1 _aКотлонадзор
_jНормативные документы
_92262772
_3RU\NLR\auth\661356625
686 _aЛ114.037-51-082н6я8
686 _aЗ370.5-082н65я8
686 _aЖ.н607я8
712 0 1 _4570
_aРоссийская Федерация
_bФедеральный горный и промышленный надзор
_bНаучно-технический центр по безопасности в промышленности
_9611080
_3RU\NLR\AUTH\8810055255
801 0 _aRU
_bNLR
_c20060927
_grcr
801 1 _aRU
_bNLR
_c20060927
942 _cBOOK
980 _aNB